Französischer WM-Kader 2026 - Statistiken

Allgemein
  • Dieses Quiz wurde 39 mal gespielt
  • Das Durchschnittsergebnis liegt bei 15 aus 27
Antwortstatistiken
Position Spieler % Korrekt
Mittelfeld/Angriff Kylian Mbappé
93%
Mittelfeld/Angriff Michael Olise
90%
Mittelfeld/Angriff Aurélien Tchouaméni
86%
Verteidigung Dayot Upamecano
86%
Trainer Didier Deschamps
86%
Mittelfeld/Angriff Ousmane Dembélé
86%
Verteidigung Lucas Hernández
83%
Verteidigung Theo Hernández
83%
Torhüter Mike Maignan
79%
Mittelfeld/Angriff Désiré Doué
76%
Verteidigung William Saliba
72%
Mittelfeld/Angriff Marcus Thuram
66%
Mittelfeld/Angriff N'Golo Kanté
66%
Mittelfeld/Angriff Bradley Barcola
59%
Verteidigung Jules Koundé
55%
Mittelfeld/Angriff Warren Zaïre-Emery
48%
Mittelfeld/Angriff Adrien Rabiot
45%
Verteidigung Ibrahima Konaté
45%
Mittelfeld/Angriff Rayan Cherki
45%
Torhüter Brice Samba
31%
Verteidigung Lucas Digne
28%
Verteidigung Malo Gusto
21%
Mittelfeld/Angriff Manu Koné
21%
Mittelfeld/Angriff Jean-Philippe Mateta
17%
Torhüter Robin Risser
17%
Mittelfeld/Angriff Maghnes Akliouche
14%
Verteidigung Maxence Lacroix
10%
Keine übereinstimmenden Quizze gefunden
Verteilung der Resultate
Anzahl Personen mit jedem Resultat
Perzentil nach korrekt beantworteten Fragen
Ihre Resultats-Entwicklung
Sie haben dieses Quiz noch nicht gespielt